000 00676nam a2200229Ia 4500
003 OSt
005 20221006152802.0
006 a|||||r|||| 00| 0
007 ta
008 221006b |||||||| |||| 00| 0 eng d
024 _a29,629
037 _bGift, Japan Foundation
_cTextual
040 _aEASL
_cEASL
_beng
041 _2eng
_aeng
082 _aX:5.49B, P4
245 0 _aNew developments in religional economic relations in East Asia
260 _aTokyo
_bInstitute of Economic Research Daito Bunka University
_c2003
300 _a104p.
_ccm.
490 _v Oth
942 _hX:5.49B, P4
_cTEXL
_2CC
999 _c1097715
_d1097715